00381nam a22001457a 4500003000900000005001700009008004100026040002300067050001100090082000700101100001900108245008600127250001300213526000900226BD-DhUIB20251026145436.0251026b |||||||| |||| 00| 0 eng d aBD-DhUIBcBD-DhUIB a658.45 222 aLesiker, R. V. aBusiness communicationbmaking connections in a digital world/cby R. V. Lesikar. a11th ed. aBBA.